00696pam a2200229 i 4500001000800000005001700008008004100025010001700066020002500083040001800108041000800126080001400134082001400148100000700162101000800169245007000177504003200247906004500279942001200324999001700336952011300353320848520180205074632.0780113s1978 nyua b 001 0 eng  a 78000676  a0312810369 :c$18.50 aDLCcDLCdDLC aeng a658.4 HOD00a658.4 HOD1 a24 aFIL10aTowards a philosophy of administration /cChristopher Hodgkinson. aBibliography: p. [228]-237. a7bcbccorignewd1eocipf19gy-gencatlg 2ddccBK c41784d41784 00102udc40708PËKGa002b002cPËKGd2018-02-05l0o658.4 HODp002-2997244r2018-02-05w2018-02-05yBK